000 00647nam a2200229Ia 4500
003 OSt
005 20220928121220.0
006 a|||||r|||| 00| 0
007 ta
008 220927b |||||||| |||| 00| 0 eng d
024 _a39077
037 _cTextual
040 _aSDCL
_cSDCL
_beng
041 _2eng
_aeng
082 _aXL.431'N4, M0
100 _aMurray Martin J
_9451642
245 0 _aDevelopment of capitalism in colonial indochina 1870-1940
260 _aLondon
_bUniversity of California Press
_c1980
300 _axii,685p
_ccm.
942 _hXL.431'N4, M0
_cTEXL
_2CC
999 _c765679
_d765679